000 00555nam a2200217 a 4500
001 BS0000921
003 BR-BrBNA
005 20230926142757.0
008 230308b |||||||| |||| 00| 0 por d
040 _aBR-BrBNA
_bpor
_cBiblioteca Nacional de Agricultura
041 _apor
072 _aS86
090 _aS86
_bBS0000921
100 1 _aLPB Edições
245 1 _a1ª Antologia portal "Cá estamos nós" /
260 3 _aLondrina, PR :
_bLPB,
_c2004.
300 _a170 p.
650 _aLITERATURA BRASILEIRA
650 _aPOESIAS
942 _cBK
_2AGRIS
999 _c5979
_d5979